[Event "2012"]
[Site "Pyhajarve"]
[Date "2012.11.25"]
[Round "25.2"]
[White "MIEZIS, Normunds"]
[Black "VOLODIN, Aleksandr"]
[Result "1/2-1/2"]
[LiveChessVersion "1.3.1"]
[BlackElo "2446"]
[WhiteElo "2512"]

1. c4 {[%clk 0:09:58]} Nf6 {[%clk 0:09:57]} 2. Nc3 {[%clk 0:09:56]} c5
{[%clk 0:09:55]} 3. g3 {[%clk 0:09:50]} e6 {[%clk 0:09:31]} 4. e4
{[%clk 0:09:41]} Nc6 {[%clk 0:09:24]} 5. Bg2 {[%clk 0:09:33]} Be7
{[%clk 0:09:19]} 6. f4 {[%clk 0:09:25]} e5 {[%clk 0:08:53]} 7. f5
{[%clk 0:09:06]} Nd4 {[%clk 0:08:43]} 8. d3 {[%clk 0:09:03]} d6 {[%clk 0:08:37]}
9. Nge2 {[%clk 0:08:57]} g6 {[%clk 0:08:31]} 10. O-O {[%clk 0:08:45]} gxf5
{[%clk 0:07:52]} 11. Nxd4 {[%clk 0:07:38]} cxd4 {[%clk 0:07:49]} 12. Nd5
{[%clk 0:07:32]} Nxd5 {[%clk 0:07:39]} 13. cxd5 {[%clk 0:07:27]} h5
{[%clk 0:06:40]} 14. exf5 {[%clk 0:07:11]} Bf6 {[%clk 0:06:39]} 15. Be4
{[%clk 0:06:53]} Bd7 {[%clk 0:06:32]} 16. Bd2 {[%clk 0:06:48]} Qb6
{[%clk 0:06:19]} 17. b4 {[%clk 0:06:02]} Ke7 {[%clk 0:06:05]} 18. a4
{[%clk 0:05:52]} Rag8 {[%clk 0:05:59]} 19. b5 {[%clk 0:05:38]} h4
{[%clk 0:05:52]} 20. g4 {[%clk 0:05:32]} h3 {[%clk 0:05:51]} 21. Kh1
{[%clk 0:05:26]} Bg5 {[%clk 0:05:06]} 22. Bxg5+ {[%clk 0:04:43]} Rxg5
{[%clk 0:05:05]} 23. Rg1 {[%clk 0:04:37]} f6 {[%clk 0:04:45]} 24. Rg3
{[%clk 0:04:34]} Qa5 {[%clk 0:04:42]} 25. Rc1 {[%clk 0:04:22]} Rh4
{[%clk 0:04:34]} 26. Bf3 {[%clk 0:04:09]} Qb4 {[%clk 0:04:16]} 27. Rb1
{[%clk 0:03:52]} Qa3 {[%clk 0:04:08]} 28. Ra1 {[%clk 0:03:49]} Qb2
{[%clk 0:04:07]} 29. Rb1 {[%clk 0:03:44]} Qa2 {[%clk 0:03:36]} 30. Ra1
{[%clk 0:03:42]} Qb2 {[%clk 0:03:28]} 31. Rb1 {[%clk 0:03:26]} Qa2
{[%clk 0:03:14]} 32. Ra1 {[%clk 0:03:15]} Qb2 {[%clk 0:03:09]} 33. Rb1
{[%clk 0:03:13]} Qa2 {[%clk 0:02:48]} 1/2-1/2

[Event "2012"]
[Site "Pyhajarve"]
[Date "2012.11.25"]
[Round "25.3"]
[White "NYBACK, Tomi"]
[Black "REBANE, Raul"]
[Result "1-0"]
[LiveChessVersion "1.3.1"]
[BlackElo "2147"]
[WhiteElo "2631"]

1. d4 c6 2. c4 {[%clk 0:03:57]} g6 {[%clk 0:15:59]} 3. e4 {[%clk 0:03:55]} d5
{[%clk 0:15:58]} 4. Nc3 {[%clk 0:03:52]} dxe4 {[%clk 0:15:57]} 5. Nxe4
{[%clk 0:03:50]} Bg7 {[%clk 0:15:57]} 6. Be3 {[%clk 0:03:43]} Nd7
{[%clk 0:15:56]} 7. h3 {[%clk 0:03:34]} Ngf6 {[%clk 0:15:54]} 8. Nxf6+
{[%clk 0:03:29]} Nxf6 {[%clk 0:15:53]} 9. Nf3 {[%clk 0:03:26]} O-O
{[%clk 0:15:52]} 10. Bd3 {[%clk 0:03:20]} b6 {[%clk 0:15:47]} 11. O-O Bb7 12. Re1
{[%clk 0:03:14]} e6 {[%clk 0:15:31]} 13. c5 {[%clk 0:03:02]} Nd5 {[%clk 0:15:02]}
14. Bg5 {[%clk 0:03:00]} Qc8 {[%clk 0:14:53]} 15. Qd2 {[%clk 0:02:57]} Ba6
{[%clk 0:14:21]} 16. Be4 {[%clk 0:02:54]} bxc5 {[%clk 0:13:55]} 17. dxc5
{[%clk 0:02:53]} Rb8 {[%clk 0:13:21]} 18. Rab1 {[%clk 0:02:49]} f6
{[%clk 0:12:47]} 19. Bh6 {[%clk 0:02:45]} Qd7 {[%clk 0:11:53]} 20. Bxg7
{[%clk 0:02:43]} Kxg7 {[%clk 0:11:51]} 21. Nd4 {[%clk 0:02:37]} Rfe8
{[%clk 0:11:32]} 22. Rbd1 {[%clk 0:02:23]} Qc7 {[%clk 0:11:01]} 23. Bxd5
{[%clk 0:02:20]} exd5 {[%clk 0:10:41]} 24. Ne6+ {[%clk 0:02:18]} Rxe6
{[%clk 0:10:40]} 25. Rxe6 {[%clk 0:02:17]} 1-0

[Event "2012"]
[Site "Pyhajarve"]
[Date "2012.11.25"]
[Round "25.5"]
[White "LAPIDUS, Mark"]
[Black "SMITH, Axel"]
[Result "1-0"]
[LiveChessVersion "1.3.1"]
[BlackElo "2490"]
[WhiteElo "2298"]

1. d4 {[%clk 0:09:59]} Nf6 {[%clk 0:09:59]} 2. c4 {[%clk 0:09:58]} e6
{[%clk 0:09:58]} 3. Nf3 {[%clk 0:09:56]} d5 {[%clk 0:09:57]} 4. e3
{[%clk 0:09:55]} c5 {[%clk 0:09:46]} 5. cxd5 {[%clk 0:09:53]} exd5
{[%clk 0:09:45]} 6. Nc3 {[%clk 0:09:49]} a6 {[%clk 0:09:43]} 7. dxc5
{[%clk 0:09:45]} Bxc5 {[%clk 0:09:39]} 8. Be2 {[%clk 0:09:43]} O-O
{[%clk 0:09:36]} 9. O-O {[%clk 0:09:41]} Nc6 {[%clk 0:09:35]} 10. b3
{[%clk 0:09:32]} Re8 {[%clk 0:09:15]} 11. Bb2 {[%clk 0:09:27]} Ba7
{[%clk 0:08:10]} 12. Qd2 {[%clk 0:09:13]} Ne4 {[%clk 0:06:18]} 13. Nxe4
{[%clk 0:09:11]} dxe4 {[%clk 0:06:17]} 14. Qc3 {[%clk 0:09:09]} f6
{[%clk 0:05:59]} 15. Rfd1 {[%clk 0:09:01]} Qe7 {[%clk 0:05:46]} 16. Bc4+
{[%clk 0:08:52]} Kh8 {[%clk 0:05:16]} 17. Nd4 {[%clk 0:08:43]} Nxd4
{[%clk 0:05:04]} 18. exd4 {[%clk 0:08:41]} Bg4 {[%clk 0:04:54]} 19. Re1
{[%clk 0:08:37]} Rad8 {[%clk 0:04:49]} 20. Qe3 {[%clk 0:08:30]} Bf5
{[%clk 0:04:28]} 21. Rad1 {[%clk 0:08:26]} b5 {[%clk 0:04:14]} 22. Bf1
{[%clk 0:08:20]} Rc8 {[%clk 0:03:55]} 23. Rc1 {[%clk 0:07:51]} h6
{[%clk 0:03:40]} 24. h3 {[%clk 0:06:34]} Qd7 {[%clk 0:03:35]} 25. g4
{[%clk 0:06:05]} Bg6 {[%clk 0:03:33]} 26. Bg2 {[%clk 0:06:04]} f5
{[%clk 0:03:10]} 27. gxf5 {[%clk 0:05:56]} Bxf5 {[%clk 0:03:08]} 28. Qg3
{[%clk 0:05:06]} Qd5 {[%clk 0:02:02]} 29. Rc7 {[%clk 0:04:32]} Rxc7
{[%clk 0:01:59]} 30. Qxc7 {[%clk 0:04:30]} Bb8 {[%clk 0:01:57]} 31. Qc5
{[%clk 0:04:21]} Qd7 {[%clk 0:01:48]} 32. d5 {[%clk 0:04:12]} Bxh3
{[%clk 0:01:44]} 33. Rxe4 {[%clk 0:03:25]} Rxe4 {[%clk 0:01:35]} 34. Qf8+
{[%clk 0:03:24]} Kh7 {[%clk 0:01:31]} 35. Bxe4+ {[%clk 0:03:22]} g6
{[%clk 0:01:18]} 36. Qh8# 1-0

[Event "2012"]
[Site "Pyhajarve"]
[Date "2012.11.25"]
[Round "26.2"]
[White "KULAOTS, Kaido"]
[Black "JARVET, Jyri"]
[Result "1-0"]
[LiveChessVersion "1.3.1"]
[BlackElo "2056"]
[WhiteElo "2537"]

1. e4 {[%clk 0:03:59]} e5 {[%clk 0:15:58]} 2. Nf3 {[%clk 0:03:59]} Nc6
{[%clk 0:15:58]} 3. Bb5 {[%clk 0:03:58]} a6 {[%clk 0:15:49]} 4. Ba4
{[%clk 0:03:57]} Nf6 {[%clk 0:15:48]} 5. O-O {[%clk 0:03:56]} Be7
{[%clk 0:15:47]} 6. d3 {[%clk 0:03:55]} d6 {[%clk 0:15:32]} 7. c3
{[%clk 0:03:54]} O-O {[%clk 0:15:18]} 8. Re1 {[%clk 0:03:53]} Bd7
{[%clk 0:14:26]} 9. Nbd2 {[%clk 0:03:51]} Re8 {[%clk 0:14:14]} 10. Nf1
{[%clk 0:03:50]} Bf8 {[%clk 0:14:02]} 11. h3 {[%clk 0:03:49]} g6 {[%clk 0:13:59]}
12. Bc2 {[%clk 0:03:45]} Bg7 13. a3 d5 {[%clk 0:13:46]} 14. Bg5 {[%clk 0:03:40]}
dxe4 {[%clk 0:13:37]} 15. dxe4 {[%clk 0:03:39]} h6 {[%clk 0:13:12]} 16. Be3
{[%clk 0:03:39]} Be6 {[%clk 0:12:43]} 17. Qe2 {[%clk 0:03:35]} Qe7
{[%clk 0:12:18]} 18. Ng3 {[%clk 0:03:34]} Rad8 {[%clk 0:12:10]} 19. b4
{[%clk 0:03:26]} Nd7 {[%clk 0:12:04]} 20. a4 {[%clk 0:03:19]} Nb6
{[%clk 0:11:24]} 21. Nd2 {[%clk 0:03:14]} Nc8 {[%clk 0:10:43]} 22. a5
{[%clk 0:03:09]} Nd6 {[%clk 0:10:05]} 23. Ba4 {[%clk 0:03:07]} Rf8
{[%clk 0:10:04]} 24. Bc5 {[%clk 0:02:59]} Kh7 {[%clk 0:09:44]} 25. Bxc6
{[%clk 0:02:45]} bxc6 {[%clk 0:09:41]} 26. Qxa6 {[%clk 0:02:44]} h5
{[%clk 0:08:38]} 27. Qxc6 {[%clk 0:02:27]} h4 {[%clk 0:08:28]} 28. Ngf1
{[%clk 0:02:26]} f5 {[%clk 0:08:01]} 29. Rad1 {[%clk 0:02:19]} f4
{[%clk 0:06:51]} 30. Nf3 {[%clk 0:02:13]} g5 {[%clk 0:06:48]} 31. N1h2
{[%clk 0:02:04]} Rf6 {[%clk 0:06:18]} 32. Nxg5+ {[%clk 0:01:59]} Kg8
{[%clk 0:06:03]} 33. Nxe6 {[%clk 0:01:58]} Rxe6 {[%clk 0:05:40]} 34. a6
{[%clk 0:01:56]} 1-0

[Event "2012"]
[Site "Pyhajarve"]
[Date "2012.11.25"]
[Round "26.4"]
[White "SMITH, Axel"]
[Black "SEEMAN, Tarvo"]
[Result "0-1"]
[LiveChessVersion "1.3.1"]
[BlackElo "2386"]
[WhiteElo "2490"]

1. e4 {[%clk 0:09:58]} g6 {[%clk 0:09:50]} 2. d4 {[%clk 0:09:56]} Bg7
{[%clk 0:09:49]} 3. Nc3 {[%clk 0:09:54]} c6 {[%clk 0:09:48]} 4. Nf3
{[%clk 0:09:41]} d5 {[%clk 0:09:47]} 5. h3 {[%clk 0:09:39]} Nf6 {[%clk 0:09:46]}
6. e5 {[%clk 0:09:32]} Ne4 {[%clk 0:09:46]} 7. Nxe4 {[%clk 0:09:27]} dxe4
{[%clk 0:09:44]} 8. Ng5 {[%clk 0:09:26]} c5 {[%clk 0:09:43]} 9. d5
{[%clk 0:09:23]} Bxe5 {[%clk 0:09:24]} 10. Nxe4 {[%clk 0:09:21]} O-O
{[%clk 0:08:54]} 11. c3 {[%clk 0:08:48]} Nd7 {[%clk 0:08:37]} 12. Bh6
{[%clk 0:08:36]} Re8 {[%clk 0:08:37]} 13. Qf3 {[%clk 0:07:47]} Nf6
{[%clk 0:08:18]} 14. Bc4 {[%clk 0:05:40]} Nxe4 {[%clk 0:07:33]} 15. Qxe4
{[%clk 0:05:38]} Bd6 {[%clk 0:07:31]} 16. O-O {[%clk 0:05:27]} Bd7
{[%clk 0:07:12]} 17. a4 {[%clk 0:05:22]} b6 {[%clk 0:07:07]} 18. Rfe1
{[%clk 0:04:55]} a6 {[%clk 0:07:02]} 19. Qd3 {[%clk 0:04:51]} Qc8
{[%clk 0:06:55]} 20. Qf3 {[%clk 0:03:48]} b5 {[%clk 0:06:30]} 21. axb5
{[%clk 0:03:46]} axb5 {[%clk 0:06:29]} 22. Bd3 {[%clk 0:03:43]} Rxa1
{[%clk 0:05:19]} 23. Rxa1 {[%clk 0:03:42]} Qb7 {[%clk 0:04:56]} 24. Bf1
{[%clk 0:03:38]} Ra8 {[%clk 0:04:49]} 25. Rxa8+ {[%clk 0:03:28]} Qxa8
{[%clk 0:04:48]} 26. c4 {[%clk 0:03:24]} bxc4 {[%clk 0:04:37]} 27. Qc3
{[%clk 0:03:19]} f6 {[%clk 0:04:28]} 28. Qxc4 {[%clk 0:03:08]} Qa1
{[%clk 0:04:02]} 29. Be3 {[%clk 0:02:59]} Qxb2 {[%clk 0:03:47]} 30. Bxc5
{[%clk 0:02:58]} Qe5 {[%clk 0:03:38]} 31. Bxd6 {[%clk 0:02:54]} Qxd6
{[%clk 0:03:34]} 32. g3 {[%clk 0:02:48]} Kg7 {[%clk 0:03:30]} 33. Bg2
{[%clk 0:02:44]} g5 {[%clk 0:03:25]} 34. Qe2 {[%clk 0:02:37]} Be8
{[%clk 0:03:05]} 35. Qe4 {[%clk 0:02:34]} Bg6 {[%clk 0:03:02]} 36. Qc4
{[%clk 0:02:31]} Bf7 {[%clk 0:02:57]} 37. Kh2 {[%clk 0:02:27]} Qe5
{[%clk 0:02:52]} 38. Qd3 {[%clk 0:02:16]} h5 {[%clk 0:02:38]} 39. Kg1
{[%clk 0:02:10]} h4 {[%clk 0:02:30]} 40. gxh4 {[%clk 0:02:08]} gxh4
{[%clk 0:02:29]} 41. Qf3 {[%clk 0:02:00]} Qg5 {[%clk 0:02:22]} 42. Kh2
{[%clk 0:01:55]} Bh5 {[%clk 0:02:14]} 43. Qe4 {[%clk 0:01:53]} Qe5+
{[%clk 0:02:11]} 44. Qxe5 {[%clk 0:01:52]} fxe5 {[%clk 0:02:10]} 45. Kg1
{[%clk 0:01:29]} Kf6 46. Kf1 Kg5 {[%clk 0:02:05]} 47. Ke1 {[%clk 0:01:28]} Kf4
{[%clk 0:02:04]} 48. Kd2 {[%clk 0:01:27]} Bf3 {[%clk 0:01:47]} 49. Bf1
{[%clk 0:01:27]} Bxd5 {[%clk 0:01:45]} 50. Ke1 {[%clk 0:01:22]} Be6
{[%clk 0:01:39]} 51. Bg2 {[%clk 0:01:21]} Bf7 {[%clk 0:01:36]} 52. Ke2
{[%clk 0:01:20]} Bh5+ {[%clk 0:01:35]} 53. Ke1 {[%clk 0:01:19]} Bf3 54. Bf1 Bd5
{[%clk 0:01:32]} 55. Kd2 {[%clk 0:01:16]} Kf3 {[%clk 0:01:27]} 56. Ke1
{[%clk 0:01:16]} e4 {[%clk 0:01:24]} 57. Be2+ {[%clk 0:01:11]} Kf4
{[%clk 0:01:22]} 58. Bg4 {[%clk 0:01:09]} e3 {[%clk 0:01:20]} 59. fxe3+
{[%clk 0:01:08]} Kxe3 {[%clk 0:01:19]} 60. Kf1 {[%clk 0:01:05]} Bf3
{[%clk 0:01:17]} 61. Be6 {[%clk 0:01:04]} Be4 {[%clk 0:01:12]} 62. Kg1
{[%clk 0:01:03]} Kf3 {[%clk 0:01:11]} 63. Kf1 {[%clk 0:01:01]} Kg3 64. Kg1 Bg2
{[%clk 0:01:08]} 65. Bg4 {[%clk 0:00:59]} Bxh3 {[%clk 0:01:06]} 66. Be2
{[%clk 0:00:58]} Bg4 {[%clk 0:01:05]} 67. Bf1 {[%clk 0:00:57]} Bf3
{[%clk 0:01:04]} 68. Bc4 {[%clk 0:00:56]} h3 {[%clk 0:01:03]} 69. Kf1
{[%clk 0:00:51]} h2 {[%clk 0:01:02]} 70. Ke1 {[%clk 0:00:50]} h1=Q+
{[%clk 0:01:00]} 0-1

[Event "2012"]
[Site "Pyhajarve"]
[Date "2012.11.25"]
[Round "26.5"]
[White "LIIVA, Riho"]
[Black "LAPIDUS, Mark"]
[Result "1-0"]
[LiveChessVersion "1.3.1"]
[BlackElo "2298"]
[WhiteElo "2451"]

1. e4 {[%clk 0:07:59]} d6 {[%clk 0:11:53]} 2. d4 {[%clk 0:07:53]} g6
{[%clk 0:11:52]} 3. Nc3 {[%clk 0:07:48]} Bg7 {[%clk 0:11:50]} 4. Be3
{[%clk 0:07:47]} a6 {[%clk 0:11:49]} 5. Qd2 {[%clk 0:07:40]} b5 {[%clk 0:11:48]}
6. a4 {[%clk 0:07:35]} b4 {[%clk 0:11:46]} 7. Nd1 {[%clk 0:07:34]} a5
{[%clk 0:11:43]} 8. f3 {[%clk 0:06:37]} Nd7 {[%clk 0:11:34]} 9. c3
{[%clk 0:06:31]} c5 {[%clk 0:11:27]} 10. Bb5 {[%clk 0:06:05]} bxc3
{[%clk 0:10:28]} 11. bxc3 {[%clk 0:05:53]} cxd4 {[%clk 0:10:12]} 12. cxd4
{[%clk 0:05:52]} Ba6 {[%clk 0:10:00]} 13. Nc3 {[%clk 0:05:29]} Ngf6
{[%clk 0:09:38]} 14. e5 {[%clk 0:04:47]} Ng8 {[%clk 0:09:10]} 15. exd6
{[%clk 0:03:53]} exd6 {[%clk 0:09:08]} 16. Bf4 {[%clk 0:03:31]} Ne7
{[%clk 0:07:54]} 17. Bxd6 {[%clk 0:03:01]} O-O {[%clk 0:07:53]} 18. Nge2
{[%clk 0:02:56]} Re8 {[%clk 0:07:28]} 19. O-O {[%clk 0:02:37]} Nf5
{[%clk 0:07:26]} 20. Bf4 {[%clk 0:02:33]} Bxb5 {[%clk 0:06:03]} 21. Nxb5
{[%clk 0:02:26]} Rc8 {[%clk 0:05:59]} 22. Rac1 {[%clk 0:01:50]} Nf6
{[%clk 0:05:37]} 23. Rxc8 {[%clk 0:01:33]} Qxc8 {[%clk 0:05:36]} 24. g4
{[%clk 0:01:26]} Qc4 {[%clk 0:03:03]} 25. Nec3 {[%clk 0:01:24]} Ne7
{[%clk 0:02:36]} 26. Nd6 {[%clk 0:01:21]} Qb4 {[%clk 0:02:21]} 27. Nxe8
{[%clk 0:01:19]} Nxe8 {[%clk 0:02:20]} 28. Be3 {[%clk 0:01:16]} Nc7
{[%clk 0:02:16]} 29. Rb1 {[%clk 0:01:14]} Qc4 {[%clk 0:02:14]} 30. Rb8+
{[%clk 0:01:11]} Bf8 {[%clk 0:02:09]} 31. Bh6 {[%clk 0:01:10]} Ne6
{[%clk 0:02:04]} 32. d5 {[%clk 0:01:09]} Qc7 {[%clk 0:01:55]} 33. Qb2
{[%clk 0:00:59]} Nd8 {[%clk 0:01:50]} 34. Bxf8 {[%clk 0:00:54]} Kxf8
{[%clk 0:01:48]} 35. Qb6 {[%clk 0:00:53]} Qxb6+ {[%clk 0:01:28]} 36. Rxb6
{[%clk 0:00:52]} Ke8 {[%clk 0:01:23]} 37. Rb5 {[%clk 0:00:51]} Kd7
{[%clk 0:01:18]} 38. Rxa5 {[%clk 0:00:51]} Nb7 {[%clk 0:01:16]} 39. Rb5
{[%clk 0:00:50]} Nd6 40. Rb4 Kc8 {[%clk 0:01:09]} 41. a5 {[%clk 0:00:49]} 1-0

[Event "2012"]
[Site "Pyhajarve"]
[Date "2012.11.25"]
[Round "26.6"]
[White "SCHULS, Olev"]
[Black "SIEMER, Tambet"]
[Result "1/2-1/2"]
[LiveChessVersion "1.3.1"]
[BlackElo "2046"]
[WhiteElo "2224"]

1. e4 {[%clk 0:09:59]} c6 2. d4 d5 {[%clk 0:09:56]} 3. Nd2 {[%clk 0:09:58]} dxe4
{[%clk 0:09:54]} 4. Nxe4 {[%clk 0:09:57]} Nf6 {[%clk 0:09:53]} 5. Nxf6+
{[%clk 0:09:56]} exf6 {[%clk 0:09:52]} 6. c3 {[%clk 0:09:55]} Bd6
{[%clk 0:09:51]} 7. Bd3 {[%clk 0:09:55]} O-O {[%clk 0:09:50]} 8. Ne2 Re8 9. O-O
{[%clk 0:09:50]} Nd7 {[%clk 0:09:48]} 10. Qc2 {[%clk 0:09:49]} Nf8
{[%clk 0:09:47]} 11. Ng3 {[%clk 0:09:32]} Be6 {[%clk 0:08:46]} 12. Bd2
{[%clk 0:09:18]} Qc7 {[%clk 0:08:34]} 13. Rfe1 {[%clk 0:09:17]} Rad8
{[%clk 0:08:31]} 14. a3 {[%clk 0:09:00]} Ng6 {[%clk 0:08:29]} 15. Rad1
{[%clk 0:08:51]} Qb6 {[%clk 0:07:41]} 16. Bc1 {[%clk 0:08:48]} Bb3
{[%clk 0:07:34]} 17. Qb1 {[%clk 0:08:30]} Bxd1 {[%clk 0:07:30]} 18. Rxd1
{[%clk 0:08:28]} Qc7 {[%clk 0:07:25]} 19. Qc2 {[%clk 0:08:21]} Bf4
{[%clk 0:07:04]} 20. Bd2 {[%clk 0:08:10]} Bxd2 {[%clk 0:06:59]} 21. Qxd2
{[%clk 0:08:09]} Qf4 {[%clk 0:06:16]} 22. Qc2 {[%clk 0:07:59]} Re7
{[%clk 0:05:47]} 23. Nf5 {[%clk 0:07:56]} Red7 {[%clk 0:05:47]} 24. g3
{[%clk 0:07:49]} Qc7 {[%clk 0:05:22]} 25. Ne3 {[%clk 0:07:38]} Re7 26. d5 c5
1/2-1/2

[Event "2012"]
[Site "Pyhajarve"]
[Date "2012.11.25"]
[Round "27.1"]
[White "SHORT, Nigel"]
[Black "VIHMAND, Ants"]
[Result "1-0"]
[LiveChessVersion "1.3.1"]
[BlackElo "2176"]
[WhiteElo "2702"]

1. e4 {[%clk 0:05:59]} d5 {[%clk 0:13:59]} 2. exd5 {[%clk 0:05:58]} Qxd5
{[%clk 0:13:59]} 3. Nf3 {[%clk 0:05:56]} Nf6 {[%clk 0:13:58]} 4. Be2
{[%clk 0:05:54]} Nc6 {[%clk 0:13:57]} 5. O-O Bg4 6. h3 {[%clk 0:05:49]} Bh5
{[%clk 0:13:54]} 7. d4 {[%clk 0:05:32]} O-O-O {[%clk 0:13:52]} 8. Be3
{[%clk 0:05:30]} e6 {[%clk 0:13:15]} 9. c4 {[%clk 0:05:18]} Qf5 {[%clk 0:12:57]}
10. Nbd2 {[%clk 0:05:11]} Bxf3 {[%clk 0:12:22]} 11. Nxf3 {[%clk 0:05:08]} h6
{[%clk 0:11:24]} 12. Qb1 {[%clk 0:04:53]} Qxb1 {[%clk 0:10:41]} 13. Raxb1
{[%clk 0:04:52]} g5 {[%clk 0:10:25]} 14. Rfd1 {[%clk 0:04:49]} Bg7
{[%clk 0:10:19]} 15. b4 {[%clk 0:04:42]} Ne4 {[%clk 0:10:09]} 16. Rb3
{[%clk 0:04:10]} f5 {[%clk 0:09:47]} 17. b5 {[%clk 0:04:00]} Na5 {[%clk 0:09:36]}
18. Ra3 {[%clk 0:03:59]} b6 {[%clk 0:09:35]} 19. Bd3 {[%clk 0:03:13]} Bf8
{[%clk 0:09:13]} 20. c5 {[%clk 0:03:05]} Bg7 {[%clk 0:08:16]} 21. Rc1
{[%clk 0:02:58]} g4 {[%clk 0:05:30]} 22. hxg4 {[%clk 0:02:54]} fxg4
{[%clk 0:05:29]} 23. Bxe4 {[%clk 0:02:36]} gxf3 {[%clk 0:05:28]} 24. cxb6
{[%clk 0:02:32]} axb6 {[%clk 0:05:22]} 25. Rac3 {[%clk 0:02:31]} c5
{[%clk 0:05:02]} 26. dxc5 {[%clk 0:02:14]} Bxc3 {[%clk 0:05:01]} 27. cxb6
{[%clk 0:02:12]} Kd7 {[%clk 0:04:35]} 28. Rxc3 {[%clk 0:02:10]} Kd6
{[%clk 0:03:52]} 29. Bxf3 {[%clk 0:02:06]} Ke5 {[%clk 0:03:50]} 30. g3
{[%clk 0:01:54]} Kf5 {[%clk 0:03:25]} 31. Rc7 {[%clk 0:01:48]} Rb8
{[%clk 0:02:37]} 32. b7 {[%clk 0:01:47]} h5 33. Bb6 {[%clk 0:01:44]} Nxb7
{[%clk 0:01:16]} 34. Bxb7 {[%clk 0:01:41]} h4 {[%clk 0:01:12]} 35. a4
{[%clk 0:01:38]} hxg3 {[%clk 0:01:10]} 36. fxg3 {[%clk 0:01:37]} 1-0

[Event "2012"]
[Site "Pyhajarve"]
[Date "2012.11.25"]
[Round "27.2"]
[White "MIEZIS, Normunds"]
[Black "VOROBJOV, Pavel"]
[Result "1-0"]
[LiveChessVersion "1.3.1"]
[BlackElo "2206"]
[WhiteElo "2512"]

1. c4 {[%clk 0:07:58]} c5 {[%clk 0:11:59]} 2. Nc3 {[%clk 0:07:56]} Nf6
{[%clk 0:11:53]} 3. g3 {[%clk 0:07:52]} g6 {[%clk 0:11:45]} 4. Bg2
{[%clk 0:07:50]} Bg7 {[%clk 0:11:44]} 5. e4 {[%clk 0:07:47]} Nc6 {[%clk 0:11:41]}
6. Nge2 {[%clk 0:07:45]} O-O {[%clk 0:11:37]} 7. O-O {[%clk 0:07:41]} Ne8
{[%clk 0:11:36]} 8. a3 {[%clk 0:07:36]} Nc7 {[%clk 0:11:34]} 9. Rb1
{[%clk 0:07:33]} a5 {[%clk 0:11:31]} 10. d3 {[%clk 0:07:21]} Ne6 {[%clk 0:11:29]}
11. Nd5 {[%clk 0:07:03]} Ned4 {[%clk 0:11:19]} 12. Nxd4 {[%clk 0:06:54]} Nxd4
{[%clk 0:11:16]} 13. Bg5 {[%clk 0:06:41]} Re8 {[%clk 0:11:07]} 14. Kh1
{[%clk 0:06:31]} h6 {[%clk 0:10:45]} 15. Be3 {[%clk 0:05:50]} d6 {[%clk 0:10:07]}
16. f4 {[%clk 0:05:42]} e6 {[%clk 0:10:03]} 17. Nc3 {[%clk 0:05:39]} Bd7
{[%clk 0:10:01]} 18. a4 {[%clk 0:05:20]} Bc6 {[%clk 0:09:47]} 19. Nb5
{[%clk 0:05:18]} Qd7 {[%clk 0:09:15]} 20. b3 {[%clk 0:05:08]} Rad8
{[%clk 0:09:04]} 21. Nxd4 {[%clk 0:04:47]} cxd4 {[%clk 0:08:58]} 22. Bd2
{[%clk 0:04:46]} b6 {[%clk 0:08:57]} 23. Qe2 {[%clk 0:04:40]} Qb7
{[%clk 0:08:52]} 24. Rbe1 {[%clk 0:04:33]} Kh7 {[%clk 0:08:48]} 25. e5
{[%clk 0:04:24]} Bf8 {[%clk 0:08:30]} 26. g4 {[%clk 0:03:44]} d5 {[%clk 0:08:13]}
27. f5 {[%clk 0:03:36]} exf5 {[%clk 0:07:59]} 28. gxf5 {[%clk 0:03:34]} Bg7
{[%clk 0:07:46]} 29. f6 {[%clk 0:03:23]} Bf8 {[%clk 0:07:38]} 30. Rf4
{[%clk 0:03:07]} dxc4 {[%clk 0:07:37]} 31. bxc4 {[%clk 0:03:05]} Bxg2+
{[%clk 0:07:17]} 32. Qxg2 {[%clk 0:03:03]} Qxg2+ {[%clk 0:07:15]} 33. Kxg2
{[%clk 0:03:01]} g5 {[%clk 0:07:11]} 34. Rfe4 {[%clk 0:02:56]} Re6
{[%clk 0:07:03]} 35. h4 {[%clk 0:02:53]} Kg6 {[%clk 0:06:23]} 36. Rh1
{[%clk 0:02:45]} Bc5 {[%clk 0:06:10]} 37. h5+ {[%clk 0:02:43]} Kh7
{[%clk 0:06:04]} 38. Kf3 {[%clk 0:02:41]} Rde8 {[%clk 0:05:30]} 39. Rhe1
{[%clk 0:02:39]} Ra8 {[%clk 0:05:30]} 40. Kg4 {[%clk 0:02:37]} Bb4
{[%clk 0:05:29]} 41. Bxb4 {[%clk 0:02:29]} axb4 {[%clk 0:05:28]} 42. Rxd4
{[%clk 0:02:27]} Rxa4 {[%clk 0:05:18]} 43. Rd7 {[%clk 0:02:26]} b3
{[%clk 0:04:56]} 44. Rxf7+ {[%clk 0:02:15]} Kg8 {[%clk 0:04:56]} 45. Rg7+ Kf8 46.
Kf5 {[%clk 0:02:07]} Re8 {[%clk 0:04:16]} 47. e6 {[%clk 0:02:03]} Rea8
{[%clk 0:02:58]} 48. e7+ {[%clk 0:01:53]} Ke8 {[%clk 0:02:57]} 49. Ke4 1-0

[Event "2012"]
[Site "Pyhajarve"]
[Date "2012.11.25"]
[Round "27.3"]
[White "OZOLINS, Aris"]
[Black "KULAOTS, Kaido"]
[Result "0-1"]
[LiveChessVersion "1.3.1"]
[BlackElo "2537"]
[WhiteElo "2177"]

1. e4 {[%clk 0:13:59]} c5 {[%clk 0:06:00]} 2. Nf3 {[%clk 0:13:57]} e6
{[%clk 0:05:59]} 3. c4 {[%clk 0:13:56]} Nc6 {[%clk 0:05:58]} 4. Nc3
{[%clk 0:13:55]} g6 {[%clk 0:05:56]} 5. d4 {[%clk 0:13:53]} cxd4 {[%clk 0:05:55]}
6. Nxd4 {[%clk 0:13:52]} a6 {[%clk 0:05:49]} 7. g3 {[%clk 0:13:48]} Bg7
{[%clk 0:05:47]} 8. Be3 {[%clk 0:13:47]} Nge7 {[%clk 0:05:45]} 9. Bg2
{[%clk 0:13:46]} O-O {[%clk 0:05:39]} 10. O-O {[%clk 0:13:45]} b6
{[%clk 0:05:16]} 11. Qd2 {[%clk 0:13:43]} Ne5 {[%clk 0:05:09]} 12. b3
{[%clk 0:13:22]} Ng4 {[%clk 0:05:06]} 13. Bg5 {[%clk 0:13:12]} h6
{[%clk 0:04:58]} 14. h3 {[%clk 0:13:00]} hxg5 {[%clk 0:04:44]} 15. hxg4
{[%clk 0:12:58]} Nc6 {[%clk 0:04:39]} 16. Nxc6 {[%clk 0:12:29]} dxc6
{[%clk 0:04:38]} 17. Qxd8 {[%clk 0:12:28]} Rxd8 {[%clk 0:04:37]} 18. Rad1
{[%clk 0:12:27]} Rxd1 {[%clk 0:04:33]} 19. Nxd1 {[%clk 0:12:26]} Bb7
{[%clk 0:04:14]} 20. Ne3 {[%clk 0:12:25]} Rd8 {[%clk 0:04:12]} 21. Rd1
{[%clk 0:12:24]} Rxd1+ {[%clk 0:04:10]} 22. Nxd1 {[%clk 0:12:23]} Bd4
{[%clk 0:04:02]} 23. Kf1 {[%clk 0:12:19]} Kf8 {[%clk 0:04:01]} 24. Ke2
{[%clk 0:12:18]} Ke7 {[%clk 0:03:59]} 25. Ne3 {[%clk 0:12:12]} a5
{[%clk 0:03:50]} 26. f4 {[%clk 0:12:10]} Kd6 {[%clk 0:03:33]} 27. Kd3
{[%clk 0:11:54]} Kc5 {[%clk 0:03:23]} 28. a3 {[%clk 0:10:34]} Bxe3
{[%clk 0:03:10]} 29. Kxe3 {[%clk 0:09:57]} a4 {[%clk 0:03:09]} 30. Bf1
{[%clk 0:09:36]} axb3 {[%clk 0:03:06]} 31. Kd3 {[%clk 0:09:35]} b2
{[%clk 0:03:00]} 32. Kc2 {[%clk 0:09:35]} Ba6 {[%clk 0:02:59]} 33. Kxb2
{[%clk 0:09:25]} Bxc4 {[%clk 0:02:58]} 34. Bg2 {[%clk 0:09:10]} Kd4
{[%clk 0:02:57]} 0-1